| 000 | 01107nam a2200241Ia 4500 | ||
|---|---|---|---|
| 003 | Ost | ||
| 005 | 20260507075801.0 | ||
| 008 | 260507s9999||||xx |||||||||||||| ||und|| | ||
| 020 | _a9961927117 | ||
| 040 | _cfsecg | ||
| 041 | _aara | ||
| 082 | _a338.7 | ||
| 100 |
_aعدون، ناصر دادي _eمؤلف |
||
| 245 | 0 |
_aاقتصاد المؤسسة / _c ناصر دادي عدون |
|
| 250 | _aطبعة 2 | ||
| 260 |
_aالجزائر : _bدار المحمدية العامة, |
||
| 300 |
_a353 صفحة؛ _bإيضاحات ؛ _c22 سم |
||
| 504 | _aبيبليوغرافيا: ص ص.338-346 | ||
| 520 | _aيهتم بدراسة المؤسسة الاقتصادية تقديم وتصنيف، مدخل نظرية الأنظمة، محيط المؤسسة ومواردها، تجربة المؤسسة العمومية في العالم وفي الجزائر، تنظيم المؤسسة الاقتصادية ووظائف التحكم فيها ، وظائف توفير الموارد والاستغلال. | ||
| 653 | _aالاقتصاد | ||
| 653 | _aالمؤسسات العامة | ||
| 942 | _cكتاب | ||
| 999 |
_c46276 _d46276 |
||